Proceedings. (Record no. 74302)

MARC details
000 -LEADER
fixed length control field 00646cam a22002291 4500
001 - CONTROL NUMBER
control field sa 67004187
003 - CONTROL NUMBER IDENTIFIER
control field DLC
005 - DATE AND TIME OF LATEST TRANSACTION
control field 20260227112344.0
008 - FIXED-LENGTH DATA ELEMENTS--GENERAL INFORMATION
fixed length control field 820308s1966 ii 100 0 eng
010 ## - LIBRARY OF CONGRESS CONTROL NUMBER
LC control number sa 67004187
025 ## - OVERSEAS ACQUISITION NUMBER
Overseas acquisition number PL480:I-E-8206
035 ## - SYSTEM CONTROL NUMBER
System control number (OCoLC)9800696
040 ## - CATALOGING SOURCE
Original cataloging agency DLC
Transcribing agency MnSU
Modifying agency DLC
042 ## - AUTHENTICATION CODE
Authentication code premarc
050 00 - LIBRARY OF CONGRESS CALL NUMBER
Classification number TS1300
Item number .S92 1965
111 2# - MAIN ENTRY--MEETING NAME
Meeting name or jurisdiction name as entry element Symposium on Textiles of 1985
Date of meeting or treaty signing ((1965 : :
Location of meeting Ahmedabad))
245 00 - TITLE STATEMENT
Title Proceedings.
260 ## - PUBLICATION, DISTRIBUTION, ETC.
Place of publication, distribution, etc. [Ahmedabad]
Name of publisher, distributor, etc. Ahmedabad Textile Industry's Research Association,
Date of publication, distribution, etc. 1966.
300 ## - PHYSICAL DESCRIPTION
Extent ii, 40 p.
Dimensions 27 cm.
650 #0 - SUBJECT ADDED ENTRY--TOPICAL TERM
Topical term or geographic name entry element Textile industry.
650 #0 - SUBJECT ADDED ENTRY--TOPICAL TERM
Topical term or geographic name entry element Textile fabrics.

No items available.

Powered by Koha